zpět

Detail výsledku týmu

Harry, Brno

Datum a čas kvízu

29 Celkem bodů Celkový počet nahraných bodů na tomto kvízu bez doplňovacích otázek.
9. Pořadí na kvízu Konečné umístění týmu na tomto kvízu.

Zaznamenané odpovědi

# Otázka Odpověď Body Výsledky
1. V areálu Veterinární univerzit... C) kůň Barbie 1
2. Minulý týden jsme se dozvěděli... A) ve lžíci bagru 1
3. Od čtvrtka do soboty měly tisí... Hra o trůny/Game of Thrones 1
4. Nápad vědců z brněnské Mendelo... B) mangové pecky 0
5. Který obrovsky úspěšný sportov... Rafael Nadal 1
6. Hned na začátku tohoto tématu... para (0,5 b.), piniové (1 b.) 1
7. V úryvku textu populární české... Skořápky ořechů, Marie Rottrová 1
8. Jak se jedním kratším slovem n... gola 0
9. Který oříšek se na české Wikip... muškátový 1
10. Který z těchto výroků o pohádc... D 1